Fundamentos del análisis económico (Registro nro. 1086)
[ vista simple ]
| 000 -LEADER | |
|---|---|
| fixed length control field | 01252 a2200229 4500 |
| 001 - CONTROL NUMBER | |
| control field | 23141 |
| 005 - DATE AND TIME OF LATEST TRANSACTION | |
| control field | 20260407155520.0 |
| 008 - FIXED-LENGTH DATA ELEMENTS--GENERAL INFORMATION | |
| fixed length control field | 260407a1971 arg spa d |
| 003 - CONTROL NUMBER IDENTIFIER | |
| control field | AR-UNSa-BCEJYS |
| 040 ## - CATALOGING SOURCE | |
| Original cataloging agency | AR-UNSa-BCEJYS |
| Language of cataloging | spa |
| Transcribing agency | AR-UNSa-BCEJYS |
| 080 ## - UNIVERSAL DECIMAL CLASSIFICATION NUMBER | |
| Universal Decimal Classification number | 330 |
| Common auxiliary subdivision | Economía en general |
| 100 1# - MAIN ENTRY--PERSONAL NAME | |
| Personal name | Bacic, Uros |
| 245 10 - TITLE STATEMENT | |
| Title | Fundamentos del análisis económico |
| 250 ## - EDITION STATEMENT | |
| Edition statement | 3a. ed |
| 264 #1 - PRODUCTION, PUBLICATION, DISTRIBUTION, MANUFACTURE, AND COPYRIGHT NOTICE | |
| Place of production, publication, distribution, manufacture | Buenos Aires : |
| Name of producer, publisher, distributor, manufacturer | El Ateneo |
| Date of production, publication, distribution, manufacture, or copyright notice | 1971 |
| 300 ## - PHYSICAL DESCRIPTION | |
| Extent | xvi, 461 p. |
| Dimensions | 22 cm. |
| 505 ## - FORMATTED CONTENTS NOTE | |
| Formatted contents note | Primera Parte : 1. Introducción - 2. Sistemas de equilibrio y de estatica comparativa - 3. Teoria de la "maximización" de la conducta - 4. Un replanteo comprensivo de la teoria del costo y de la producción - 5. Teoría pura de la conducta del consumidor - 6. Transformaciones, conjuntos de bienes y racionamiento - 7. Algunos aspectos especiales de la teoría de la conducta del consumidor - 8. Economia del bienestar - Segunda Parte 9. Estabilidad del equilibrio: estatica comparativa y dinamica - 10. Estabilidad del equilibrio: Sistemas lineales y no lineales - 11. Elementos fundamentales de la teoria dinamica - 12.Conclusión. |
| 590 ## - LOCAL NOTE (RLIN) | |
| Local note | niveau_biblio:m niveau_hierar:0 |
| 700 1# - ADDED ENTRY--PERSONAL NAME | |
| Personal name | Samuelson, Paul A. |
| 700 1# - ADDED ENTRY--PERSONAL NAME | |
| Personal name | Barral Souto, José |
| 942 ## - ADDED ENTRY ELEMENTS (KOHA) | |
| Koha item type | |
| Withdrawn status | Lost status | Damaged status | Not for loan | Home library | Current library | Shelving location | Date acquired | Total checkouts | Full call number | Barcode | Date last seen | Price effective from | Koha item type |
|---|---|---|---|---|---|---|---|---|---|---|---|---|---|
| Biblioteca Prof. Eusebio Cleto del Rey | Biblioteca Prof. Eusebio Cleto del Rey | 07/04/2026 | 330 S187f 3ed. | L24383 | 07/04/2026 | 07/04/2026 | Libro | ||||||
| Biblioteca Prof. Eusebio Cleto del Rey | Biblioteca Prof. Eusebio Cleto del Rey | 07/04/2026 | 330 S187f 3ed. | L24384 | 07/04/2026 | 07/04/2026 | Libro | ||||||
| Biblioteca Prof. Eusebio Cleto del Rey | Biblioteca Prof. Eusebio Cleto del Rey | 07/04/2026 | 330 S187f 3ed. | L26908 | 07/04/2026 | 07/04/2026 | Libro |